000 00802nam a22002417a 4500
999 _c20149
_d20149
003 AR-CdUCM
008 190527b ||||| |||| 00| 0 spa d
040 _aMUNICIPALIDAD PROVINCIAL DEL CUSCO
_cBIBLIOTECA MUNICIPAL DEL CUSCO
041 _hfre
082 _a121 /
_bD18
100 _aDaval, Simone y Guillemain, Bernard
_942134
245 _aFilosofía de las ciencias /
260 _aBuenos Aires :
_bEl Ateneo,
_c1964.
300 _a496 páginas
_c20 cm.
505 _aContenido: La lógica -- el análisis y la síntesis -- La ciencia y el espíritu científico...
650 _aCiencia
_92098
650 _aFilosofía
_9395
650 _aLogica
_92358
650 _aMetodología
_92264
700 _aSchulze, Raquel B. De (traductor)
_942135
942 _2ddc
_cLIBROS
945 _aJavier